Online Catalogue and eLibrary

Lanka, their Lanka : (Record no. 3175)

MARC details
000 -LEADER
fixed length control field 00382nam a2200145Ia 4500
005 - DATE AND TIME OF LATEST TRANSACTION
control field 20241008053933.0
008 - FIXED-LENGTH DATA ELEMENTS--GENERAL INFORMATION
fixed length control field 240331s9999 xx 000 0 und d
082 ## - DDC Classification
Item Number - Author Mark GOO
Class No. 820
100 ## - MAIN ENTRY--PERSONAL NAME
Personal name Goonetileke, H.A.I
245 #0 - TITLE STATEMENT
Title Lanka, their Lanka :
Remainder of title cameos of Ceylon through other eyes
260 ## - PUBLICATION, DISTRIBUTION, ETC.
Place of publication, distribution, etc. New Delhi
Name of publisher, distributor, etc. Navrang
Date of publication, distribution, etc. 1984
300 ## - PHYSICAL DESCRIPTION
Extent (e.g. Volumes, Pages etc.) 69 p .,
650 ## - SUBJECT ADDED ENTRY--TOPICAL TERM
Topical term or geographic name entry element Short Stories
942 ## - Koha item type (Biblio)
Koha item type Books in Stacks (Lending)
Holdings
Lost status Damaged status Collection code Home library Current library Shelving location Date acquired Full call number Accession Number Item type
    Lending WERC Library WERC Library Social Science Cupboard 03/31/2024 820 GOO 5076 Books in Stacks (Lending)

© WERC Library